000 00986cam a2200217 4500
001 WB3811-01
008 020318n2002 000 0 eng u
035 _a(Sirsi) u117157
245 _aSolar power for UK buildings
260 _c2002
490 _aDTI Press Release
_v(P/2002/169) 18 March 2002, (10)
520 _aMinister for Energy Brian Wilson announces 18 projects that have won government funding to develop solar rooftops. The projects cover a wide range of public buildings including schools, galleries, church halls and sports centres and confirm government's commitment to solar energy. List of projects. http://www.nds.coi.gov.uk/coi/coipress.nsf/2b45e1e3ffe090ac802567350059d840/1a1f5209982246b180256b800039e817?OpenDocument
590 _aWB
650 _aSOLAR POWER
650 _aSOLAR ENERGY
650 _aSOLAR ROOFS
650 _aRENEWABLE ENERGY
650 _aPUBLIC BUILDINGS
650 _aBUILDING AND CONSTRUCTION-ENERGY MANAGEMENT
942 _n0
999 _c69797
_d69797